Dedication services. (Record no. 8720)

000 -LEADER
fixed length control field 00541nam a2200181 a 4500
001 - CONTROL NUMBER
control field :::00006498$&:&@@
003 - CONTROL NUMBER IDENTIFIER
control field OkBaRHE
005 - DATE AND TIME OF LATEST TRANSACTION
control field 20000607103331.0
008 - FIXED-LENGTH DATA ELEMENTS--GENERAL INFORMATION
fixed length control field s1964 j 000 0 eng u
040 ## - CATALOGING SOURCE
Transcribing agency
100 1# - MAIN ENTRY--PERSONAL NAME
Personal name Hutton, Samuel Ward, 1886-
245 10 - TITLE STATEMENT
Title Dedication services.
260 ## - PUBLICATION, DISTRIBUTION, ETC. (IMPRINT)
Place of publication, distribution, etc Grand Rapids, MI.,:
Name of publisher, distributor, etc Baker Book House
Date of publication, distribution, etc c1964
300 ## - PHYSICAL DESCRIPTION
Extent 79 p. ;
Dimensions 19 cm.
650 ## - SUBJECT ADDED ENTRY--TOPICAL TERM
Topical term or geographic name as entry element Dedication Services
942 ## - ADDED ENTRY ELEMENTS (KOHA)
Source of classification or shelving scheme
Koha item type Books
Copies
Shelving location Barcode Copy number Lost status Not for loan Date acquired Full call number Date last seen Source of classification or shelving scheme Withdrawn status Permanent Location Koha item type Damaged status Price effective from
General Stacks64981  2010-04-14BV 199 .D4H82010-04-14  RHEMA Bible Training CollegeBooks 2010-04-14